| 000 | 01005nas a2200289 4500 | ||
|---|---|---|---|
| 001 | BR9001148 | ||
| 003 | BR-BrBNA | ||
| 005 | 20231205091831.0 | ||
| 007 | ta | ||
| 008 | 230509b bl.|||p| |||| 00| 00por d | ||
| 040 |
_aBR-BrBNA _bpor _cBiblioteca Nacional de Agricultura |
||
| 041 | _a(Pt) | ||
| 072 | _aH10 | ||
| 100 | 1 | _aBleicher, E. | |
| 100 | 1 | _aParra, J.R. | |
| 245 | 1 | _aEspecies de Trichogramma parasitoides de Alabama argillacea. 3. Determinacao das exigencias termicas de tres populacoes | |
| 246 | 1 | _aSpecies of Trichogramma parasitoid of Alabama argillacea. 3. Determination of thermal requirement of three strains | |
| 650 | _aCONTROLE BIOLOGICO | ||
| 650 | _aINSETO PARA CONTROLE BIOLOGICO | ||
| 650 | _aBIOLOGIA | ||
| 650 | _aTEMPERATURA | ||
| 650 | _aPARASITO | ||
| 650 | _aCURUQUERE | ||
| 773 | 0 |
_tPesquisa Agropecuaria Brasileira (Brazil) _xISSN 0100-204X _g(Feb 1990), v. 25(2) p. 215-219 _wBR9001148 |
|
| 909 |
_a202311 _bLúcia _c55 _dLúcia Elande |
||
| 942 |
_2AGRIS _n0 _cANA |
||
| 999 |
_c127640 _d127640 |
||